[Event "173-rd open MGU"]
[Site "Sofia"]
[Date "2016.10.15"]
[Round "1.1"]
[White "Mladenov, Andrey"]
[Black "Dereshki, Dario"]
[Result "0-1"]
[WhiteElo "1612"]
[BlackElo "2126"]
[PlyCount "26"]
[EventDate "2016.10.15"]
[EventType "swiss"]
[EventRounds "6"]
[EventCountry "BUL"]

1. e4 e5 2. Nf3 d5 3. exd5 e4 4. Nd4 Qxd5 5. Nb3 Nf6 6. Nc3 Qf5 7. Be2 Qg6 8.
g3 a5 9. Nb5 Na6 10. Nxa5 c6 11. Nc3 e3 12. a3 exf2+ 13. Kxf2 Qf5+ 0-1

[Event "173-rd open MGU"]
[Site "Sofia"]
[Date "2016.10.15"]
[Round "1.2"]
[White "Gelemerov, Yane"]
[Black "Georgiev, Nikolay Zh"]
[Result "1-0"]
[WhiteElo "2026"]
[BlackElo "1574"]
[PlyCount "59"]
[EventDate "2016.10.15"]
[EventType "swiss"]
[EventRounds "6"]
[EventCountry "BUL"]

1. e4 e5 2. Bc4 Bc5 3. Nc3 d6 4. Na4 Qf6 5. Nxc5 dxc5 6. Ne2 Ne7 7. d3 Nbc6 8.
Be3 Nd4 9. c3 Nxe2 10. Qxe2 b6 11. O-O O-O 12. f4 Ng6 13. fxe5 Qxe5 14. Bd5 Rb8
15. d4 cxd4 16. cxd4 Qe7 17. e5 Bb7 18. Bb3 Rbd8 19. Rac1 Bd5 20. Qc2 Bxb3 21.
Qxb3 Rd7 22. Rc6 Qh4 23. Qc2 Rc8 24. Qf5 Nf8 25. g3 Qe7 26. d5 Re8 27. e6 fxe6
28. dxe6 Rd6 29. Qf7+ Kh8 30. Qxe7 1-0

[Event "173-rd open MGU"]
[Site "Sofia"]
[Date "2016.10.15"]
[Round "1.3"]
[White "Todev, Simeon"]
[Black "Andreev, Dobrotich"]
[Result "0-1"]
[WhiteElo "1468"]
[BlackElo "1950"]
[PlyCount "70"]
[EventDate "2016.10.15"]
[EventType "swiss"]
[EventRounds "6"]
[EventCountry "BUL"]

1. e4 c6 2. d4 d5 3. f3 e6 4. Ne2 dxe4 5. fxe4 Qh4+ 6. Ng3 Bd6 7. e5 Bc7 8. Be2
c5 9. c3 Nc6 10. Be3 cxd4 11. cxd4 Bb6 12. Bb5 Bd7 13. O-O Nxe5 14. Bxd7+ Nxd7
15. Qf3 Ngf6 16. Ne2 Qe4 17. Qxe4 Nxe4 18. Nbc3 Ndf6 19. Nxe4 Nxe4 20. Nc3 Nxc3
21. bxc3 Rc8 22. Rac1 Rc4 23. Bd2 Ke7 24. Kf2 Rhc8 25. Ke2 Ra4 26. Ra1 Ba5 27.
Rfc1 Ra3 28. Kd3 b5 29. Rab1 a6 30. Rc2 b4 31. Rbc1 bxc3 32. Bxc3 Raxc3+ 33.
Rxc3 Rxc3+ 34. Rxc3 Bxc3 35. Kxc3 Kd6 0-1

[Event "173-rd open MGU"]
[Site "Sofia"]
[Date "2016.10.15"]
[Round "1.4"]
[White "Ruschukov, Boyan"]
[Black "Arshinkova, Boryana"]
[Result "1-0"]
[WhiteElo "1911"]
[BlackElo "1279"]
[PlyCount "43"]
[EventDate "2016.10.15"]
[EventType "swiss"]
[EventRounds "6"]
[EventCountry "BUL"]

1. d4 d5 2. c4 Nf6 3. cxd5 Nxd5 4. e4 Nf6 5. Nc3 Nc6 6. d5 Ne5 7. f4 Ng6 8. f5
Ne5 9. Bf4 Neg4 10. h3 Nh6 11. g4 Nd7 12. g5 Ng8 13. e5 Nb6 14. Bb5+ Bd7 15. e6
Bxb5 16. Nxb5 Rc8 17. Nxa7 Ra8 18. Nb5 Rc8 19. exf7+ Kxf7 20. Nc3 Qd7 21. Qh5+
g6 22. fxg6+ 1-0

[Event "173-rd open MGU"]
[Site "Sofia"]
[Date "2016.10.15"]
[Round "2.2"]
[White "Mihalev, Daniil"]
[Black "Gelemerov, Yane"]
[Result "0-1"]
[WhiteElo "1761"]
[BlackElo "2026"]
[PlyCount "102"]
[EventDate "2016.10.15"]
[EventType "swiss"]
[EventRounds "6"]
[EventCountry "BUL"]

1. Nf3 Nf6 2. g3 b5 3. Bg2 Bb7 4. O-O e6 5. d4 Be7 6. b3 O-O 7. Bb2 d6 8. Nbd2
Nbd7 9. c4 bxc4 10. bxc4 c5 11. e3 Qc7 12. Qe2 Rab8 13. Rab1 Qa5 14. a3 Rfc8
15. Rfc1 Ne4 16. Qd3 Ndf6 17. Nb3 Qa4 18. dxc5 Nxf2 19. Kxf2 Be4 20. Qd1 Ng4+
21. Kg1 Qxb3 22. Qd4 Qxe3+ 23. Qxe3 Nxe3 24. Bd4 Rxb1 25. Rxb1 Bxb1 26. Bxe3
dxc5 27. Ne5 Bf6 28. Nc6 Bd4 29. Bxd4 Rxc6 30. Bxc6 cxd4 31. Kf2 Kf8 32. Ke2
Ke7 33. Kd2 Kd6 34. Bb5 e5 35. Be8 f6 36. Kc1 Bd3 37. Bf7 Kc5 38. Bg8 h6 39.
Kd2 Bxc4 40. Bh7 Be6 41. h4 f5 42. Bg6 Kd5 43. Be8 e4 44. Ba4 Ke5 45. Ke2 Bc4+
46. Kf2 g5 47. hxg5 hxg5 48. Bc2 d3 49. Bd1 Kd4 50. Ke1 Ke3 51. Ba4 d2+ 0-1

[Event "173-rd open MGU"]
[Site "Sofia"]
[Date "2016.10.15"]
[Round "2.3"]
[White "Andreev, Dobrotich"]
[Black "Kostov, Nikolay"]
[Result "1-0"]
[WhiteElo "1950"]
[BlackElo "1690"]
[PlyCount "69"]
[EventDate "2016.10.15"]
[EventType "swiss"]
[EventRounds "6"]
[EventCountry "BUL"]

1. e4 e5 2. Nf3 Nc6 3. Bb5 Nf6 4. O-O Nxe4 5. Re1 Nd6 6. Nxe5 Be7 7. Bf1 O-O 8.
d4 Nf5 9. Nf3 d5 10. c4 Bf6 11. cxd5 Ncxd4 12. Nxd4 Qxd5 13. Nxf5 Qxd1 14. Nh6+
gxh6 15. Rxd1 Kg7 16. Nc3 Bf5 17. Be3 c6 18. Rd2 Rfe8 19. Rad1 Bg4 20. Be2 Be6
21. Bf3 Bf5 22. Bd4 Re7 23. Bxf6+ Kxf6 24. g4 Rg8 25. Rd6+ Be6 26. Ne4+ Ke5 27.
h3 f5 28. Ng3 fxg4 29. Bxg4 Bxg4 30. hxg4 Kf4 31. Nh5+ Kf3 32. R1d3+ Ke2 33. f3
Re5 34. Ng3+ Ke1 35. Rd1# 1-0

[Event "173-rd open MGU"]
[Site "Sofia"]
[Date "2016.10.15"]
[Round "2.4"]
[White "Arshinkova, Boryana"]
[Black "Mladenov, Andrey"]
[Result "0-1"]
[WhiteElo "1279"]
[BlackElo "1612"]
[PlyCount "114"]
[EventDate "2016.10.15"]
[EventType "swiss"]
[EventRounds "6"]
[EventCountry "BUL"]

1. e4 c5 2. d4 cxd4 3. c3 dxc3 4. Nxc3 d6 5. Bc4 e6 6. Nf3 Be7 7. Be3 Nf6 8. e5
dxe5 9. Qxd8+ Bxd8 10. Nxe5 O-O 11. Rd1 Nbd7 12. Nf3 Bb6 13. O-O Bxe3 14. fxe3
Nb6 15. Bb3 a6 16. Rd6 Nbd7 17. Ng5 Nc5 18. Ba4 Nxa4 19. Nxa4 Nd7 20. Nb6 Nxb6
21. Rxb6 Rb8 22. Rb4 Bd7 23. Rbf4 f6 24. Ne4 Bb5 25. R1f3 Rbd8 26. h3 Bc6 27.
Rf2 e5 28. Rh4 g5 29. Rg4 h5 30. Nxf6+ Rxf6 31. Rxg5+ Kf7 32. Rxe5 Rxf2 33.
Kxf2 Rd2+ 34. Kg3 Rxg2+ 35. Kf4 Rxb2 36. Rxh5 Rxa2 37. h4 a5 38. Rf5+ Kg6 39.
Rg5+ Kh6 40. Kf5 Rg2 41. Rxg2 Bxg2 42. Ke5 Kh5 43. Kd4 Kxh4 44. e4 a4 45. Kc3
Bxe4 46. Kb4 b5 47. Ka3 Kg3 48. Kb4 Kf3 49. Ka3 Ke3 50. Kb4 Kd2 51. Ka3 Kc3 52.
Ka2 b4 53. Ka1 a3 54. Ka2 b3+ 55. Ka1 b2+ 56. Ka2 b1=Q+ 57. Kxa3 Qb3# 0-1

[Event "173-rd open MGU"]
[Site "Sofia"]
[Date "2016.10.15"]
[Round "3.3"]
[White "Ruschukov, Boyan"]
[Black "Mihalev, Daniil"]
[Result "0-1"]
[WhiteElo "1911"]
[BlackElo "1761"]
[PlyCount "88"]
[EventDate "2016.10.15"]
[EventType "swiss"]
[EventRounds "6"]
[EventCountry "BUL"]

1. d4 e6 2. c4 f5 3. g3 c6 4. Bg2 d5 5. cxd5 exd5 6. Nf3 Nf6 7. Nc3 Bd6 8. O-O
O-O 9. Ne5 Nbd7 10. f4 Ne4 11. Be3 Ndf6 12. Kh1 a5 13. a4 Bb4 14. Rc1 Be6 15.
Nd3 Bd6 16. Nxe4 dxe4 17. Nc5 Bxc5 18. Rxc5 Qb6 19. Re5 Ng4 20. Qd2 Nxe5 21.
dxe5 Qb4 22. Qxb4 axb4 23. Ra1 Rfd8 24. g4 g6 25. Kg1 Kf7 26. Kf2 Bb3 27. a5
Rd1 28. Rxd1 Bxd1 29. Bb6 Ke6 30. Bh3 Rc8 31. Bc5 b3 32. Ke3 Rd8 33. Bd4 Rd5
34. Bc3 Rc5 35. Kd2 Bxe2 36. gxf5+ gxf5 37. Bg2 Bh5 38. Bf1 Bg4 39. a6 bxa6 40.
Bxa6 Bf3 41. Bc8+ Kf7 42. Bxf5 Rd5+ 43. Ke1 e3 44. Bc8 Rd1# 0-1

[Event "173-rd open MGU"]
[Site "Sofia"]
[Date "2016.10.15"]
[Round "3.4"]
[White "Mladenov, Andrey"]
[Black "Georgiev, Nikolay Zh"]
[Result "0-1"]
[WhiteElo "1612"]
[BlackElo "1574"]
[PlyCount "144"]
[EventDate "2016.10.15"]
[EventType "swiss"]
[EventRounds "6"]
[EventCountry "BUL"]

1. e4 e5 2. Nf3 Nc6 3. d4 exd4 4. Bc4 Bc5 5. O-O Qf6 6. e5 Qg6 7. c3 dxc3 8.
Nxc3 Nge7 9. Nd5 Nxd5 10. Qxd5 Be7 11. Bd2 O-O 12. Bd3 Qh5 13. Qe4 f5 14. Qc4+
Qf7 15. Qxf7+ Kxf7 16. Bxf5 g6 17. Bd3 Kg7 18. Bc3 Nd8 19. Nd4 Ne6 20. Nxe6+
dxe6 21. Bc4 Bc5 22. Rad1 Kf7 23. Rd3 Ke7 24. Rh3 Rf7 25. Bd2 Bd4 26. Bg5+ Ke8
27. Bf6 Bxb2 28. Rd3 Bd7 29. Rb1 b5 30. Rxb2 bxc4 31. Rd4 Bc6 32. Rxc4 Bd5 33.
Rc5 Rd7 34. h3 a5 35. a4 Kf7 36. Rbb5 c6 37. Rxa5 Rda7 38. Rxa7+ Rxa7 39. a5
Ke8 40. Bh4 Kd7 41. Bg5 Kc8 42. Be3 Kb7 43. f3 Ka6 44. Kf2 Rb7 45. Kg3 Rb4 46.
Bf4 Rb2 47. Bc1 Re2 48. Bf4 Rb2 49. h4 h5 50. Kh3 Rb3 51. Bg5 Rd3 52. Bd8 Rb3
53. Bb6 Rb2 54. Kg3 Re2 55. Bc7 Rb2 56. Bb6 Re2 57. Bc7 Rb2 58. Rc3 Rb4 59. Rc2
Rb3 60. Kf4 Rb4+ 61. Kg5 Ra4 62. f4 Be4 63. Rd2 Bf5 64. Bb6 Rxa5 65. Bxa5 Kxa5
66. Kf6 c5 67. Ke7 c4 68. Kd6 c3 69. Rd1 c2 70. Rc1 Kb4 71. Kc6 Kc3 72. Kc5 Kd2
0-1

[Event "173-rd open MGU"]
[Site "Sofia"]
[Date "2016.10.15"]
[Round "3.5"]
[White "Todev, Simeon"]
[Black "Arshinkova, Boryana"]
[Result "1-0"]
[WhiteElo "1468"]
[BlackElo "1279"]
[PlyCount "139"]
[EventDate "2016.10.15"]
[EventType "swiss"]
[EventRounds "6"]
[EventCountry "BUL"]

1. e4 e5 2. Nf3 Nc6 3. d4 d6 4. Bb5 Bd7 5. O-O Nf6 6. Nc3 a6 7. Bc4 Bg4 8. d5
Nd4 9. Be2 Be7 10. Nxd4 exd4 11. Bxg4 dxc3 12. bxc3 Nxe4 13. Bb2 O-O 14. Bf5
Nf6 15. c4 Re8 16. Re1 Nd7 17. Bxg7 Kxg7 18. Qg4+ Kh8 19. Bxd7 Rg8 20. Qf5 Rg5
21. Qxf7 Rg7 22. Qe6 Bf6 23. Rab1 Rxd7 24. Rxb7 Bg7 25. Rb3 Bf8 26. h3 Re7 27.
Qf6+ Kg8 28. Rg3+ Rg7 29. Rxg7+ Bxg7 30. Qxd8+ Rxd8 31. Re7 Rc8 32. Kf1 Kf8 33.
Re3 c6 34. Rd3 cxd5 35. Rxd5 Be5 36. f4 Bb2 37. Rxd6 Rxc4 38. Rxa6 Rxc2 39. a4
Bc1 40. g3 Ra2 41. a5 Bd2 42. Ra8+ Kg7 43. a6 Be3 44. Re8 Bf2 45. Kg2 Ba7+ 46.
Kf3 Rxa6 47. Re7+ Kh6 48. Kg4 Rg6+ 49. Kf5 Bf2 50. g4 Bh4 51. Re6 Bg3 52. g5+
Kg7 53. Re7+ Kg8 54. Kg4 Bf2 55. f5 Rg7 56. Re2 Bb6 57. h4 h6 58. g6 Kf8 59.
Kh5 Bd8 60. Re4 Re7 61. Rxe7 Bxe7 62. Kxh6 Bxh4 63. g7+ Kg8 64. Kg6 Be7 65. f6
Bxf6 66. Kxf6 Kh7 67. Kf7 Kh6 68. g8=Q Kh5 69. Qg3 Kh6 70. Qg6# 1-0

[Event "173-rd open MGU"]
[Site "Sofia"]
[Date "2016.10.16"]
[Round "4.1"]
[White "Andreev, Dobrotich"]
[Black "Georgiev, Nikolay Zh"]
[Result "1-0"]
[WhiteElo "1950"]
[BlackElo "1574"]
[PlyCount "107"]
[EventDate "2016.10.15"]
[EventType "swiss"]
[EventRounds "6"]
[EventCountry "BUL"]

1. e4 e5 2. Nf3 Nc6 3. Bb5 Bc5 4. c3 d5 5. d4 exd4 6. cxd4 Bb4+ 7. Bd2 Bxd2+ 8.
Nbxd2 dxe4 9. Bxc6+ bxc6 10. Nxe4 Nf6 11. Qc2 O-O 12. O-O Bf5 13. Nxf6+ Qxf6
14. Qc3 Be4 15. Ne5 Rfd8 16. Rfe1 Bd5 17. Re3 Qd6 18. Rc1 f6 19. Nxc6 Bxc6 20.
Qxc6 Qxc6 21. Rxc6 Rxd4 22. g3 Rd7 23. Rb3 Rc8 24. Rb7 Rd2 25. Rc3 a5 26. a4
Rd4 27. b3 Rb4 28. Ra7 Kf7 29. Rxa5 Ke7 30. Rd5 Rb6 31. Re3+ Re6 32. Red3 Rd6
33. Rxd6 cxd6 34. b4 Rc4 35. Rb3 Kd7 36. a5 d5 37. b5 Kc7 38. b6+ Kb8 39. Rb5
d4 40. Rd5 Ra4 41. Kf1 Kb7 42. Ke2 Kc6 43. Rb5 Kb7 44. Kd3 g6 45. h4 f5 46. f4
h6 47. h5 Ra3+ 48. Kxd4 Rxg3 49. a6+ Kxa6 50. b7 Kxb5 51. b8=Q+ Kc6 52. hxg6 h5
53. Qa7 h4 54. g7 1-0

[Event "173-rd open MGU"]
[Site "Sofia"]
[Date "2016.10.16"]
[Round "4.2"]
[White "Dereshki, Dario"]
[Black "Gelemerov, Yane"]
[Result "1-0"]
[WhiteElo "2126"]
[BlackElo "2026"]
[PlyCount "79"]
[EventDate "2016.10.15"]
[EventType "swiss"]
[EventRounds "6"]
[EventCountry "BUL"]

1. d4 Nf6 2. c4 e6 3. Nf3 Bb4+ 4. Nbd2 O-O 5. a3 Bxd2+ 6. Qxd2 d6 7. Qc2 Nbd7
8. e4 e5 9. Be2 Qe7 10. dxe5 Nxe5 11. O-O Bg4 12. Nd4 Ng6 13. Nf5 Bxf5 14. exf5
Ne5 15. h3 Nc6 16. Be3 Rae8 17. Rfe1 Nd7 18. Rad1 Qf6 19. Qb3 Rb8 20. g4 Qh4
21. Kg2 Rfe8 22. Qc2 Qe7 23. Bf3 Qf8 24. Bxc6 bxc6 25. Bxa7 Rb7 26. Bd4 c5 27.
Bc3 Nb6 28. b3 Nd7 29. b4 Ra7 30. Bb2 h6 31. f3 Rb8 32. b5 Re8 33. Qc3 Rxe1 34.
Rxe1 f6 35. Re6 Nb6 36. Qe1 Qf7 37. Bxf6 Rxa3 38. Bxg7 Nxc4 39. Bxh6 Ne5 40.
Qc1 1-0

[Event "173-rd open MGU"]
[Site "Sofia"]
[Date "2016.10.16"]
[Round "4.3"]
[White "Mihalev, Daniil"]
[Black "Todev, Simeon"]
[Result "0-1"]
[WhiteElo "1761"]
[BlackElo "1468"]
[PlyCount "56"]
[EventDate "2016.10.15"]
[EventType "swiss"]
[EventRounds "6"]
[EventCountry "BUL"]

1. Nf3 Nc6 2. b3 e6 3. Bb2 Nf6 4. e3 d5 5. Be2 Bd6 6. d4 O-O 7. O-O Nd7 8. c4
b6 9. Qc2 dxc4 10. Bxc4 Bb7 11. Nbd2 Na5 12. Bd3 f5 13. a3 Nc6 14. Bc4 Qe7 15.
b4 Nd8 16. Rac1 Rc8 17. Qb3 a6 18. Qa2 b5 19. Bb3 Nf6 20. Rfe1 Re8 21. Ba1 Ne4
22. Nxe4 Bxe4 23. Nd2 Rf8 24. Nxe4 fxe4 25. Bc2 Bxh2+ 26. Kxh2 Qh4+ 27. Kg1
Qxf2+ 28. Kh1 Rf6 0-1

[Event "173-rd open MGU"]
[Site "Sofia"]
[Date "2016.10.16"]
[Round "4.4"]
[White "Kostov, Nikolay"]
[Black "Ruschukov, Boyan"]
[Result "0-1"]
[WhiteElo "1690"]
[BlackElo "1911"]
[PlyCount "74"]
[EventDate "2016.10.15"]
[EventType "swiss"]
[EventRounds "6"]
[EventCountry "BUL"]

1. d4 Nf6 2. e3 d5 3. Bd3 c5 4. c3 Nc6 5. f4 Bg4 6. Nf3 c4 7. Bc2 e6 8. O-O Bd6
9. Qe1 Bxf3 10. Rxf3 Qc7 11. e4 dxe4 12. Bxe4 O-O-O 13. b3 cxb3 14. axb3 a6 15.
b4 Nd5 16. Bxd5 exd5 17. b5 axb5 18. Na3 Qb6 19. Qf1 b4 20. Nb5 Bb8 21. f5 Rhe8
22. Ra8 Kd7 23. Kh1 bxc3 24. Nxc3 Qb3 25. Ra3 Qc4 26. Ra4 Qxf1+ 27. Rxf1 Kc8
28. g3 f6 29. Kg2 Ba7 30. Nb5 Bb6 31. Kf3 Kd7 32. Ba3 Ra8 33. Rxa8 Rxa8 34. Bc5
Bxc5 35. dxc5 Ra5 36. Rb1 Rxb5 37. Rxb5 Nd4+ 0-1

[Event "173-rd open MGU"]
[Site "Sofia"]
[Date "2016.10.16"]
[Round "5.1"]
[White "Dereshki, Dario"]
[Black "Andreev, Dobrotich"]
[Result "0-1"]
[WhiteElo "2126"]
[BlackElo "1950"]
[PlyCount "132"]
[EventDate "2016.10.15"]
[EventType "swiss"]
[EventRounds "6"]
[EventCountry "BUL"]

1. d4 d5 2. Nf3 Nf6 3. c4 e6 4. Nc3 c6 5. e3 Be7 6. Qc2 O-O 7. b3 a6 8. Bb2 b5
9. Bd3 bxc4 10. bxc4 h6 11. O-O Nbd7 12. Rac1 a5 13. cxd5 cxd5 14. Nb5 Ba6 15.
a4 Rc8 16. Qb3 Bb4 17. Ba3 Bxa3 18. Qxa3 Bxb5 19. Bxb5 Qb6 20. Qe7 Rce8 21. Qa3
Rc8 22. Nd2 e5 23. dxe5 Nxe5 24. Qe7 Qb8 25. Nb3 Nfg4 26. g3 Nf3+ 27. Kg2 Ngxh2
28. Rh1 Rxc1 29. Rxc1 h5 30. Nc5 Rc8 31. Na6 Rxc1 32. Nxb8 Rg1+ 33. Kh3 g5 34.
Qxg5+ Nxg5+ 35. Kxh2 Nf3+ 36. Kh3 d4 37. Nc6 dxe3 38. fxe3 Nd2 39. Nxa5 Ne4 40.
Nc4 Rxg3+ 41. Kh2 Rg5 42. Bd7 Nc3 43. a5 Nb5 44. a6 Na7 45. e4 Rc5 46. Nd6 Kf8
47. Nb7 Rc3 48. Kg2 Ke7 49. Bf5 Ra3 50. Nc5 Ra5 51. Nd3 Rxa6 52. Nf4 Rh6 53.
Kh3 Nc6 54. Kh4 Nd4 55. Bh3 Nf3+ 56. Kg3 Ne5 57. Bf5 Kf6 58. Kh3 Ng6 59. Nd3
Kg5 60. Nc5 Nf4+ 61. Kg3 h4+ 62. Kh2 Rc6 63. Nd7 Rc2+ 64. Kg1 h3 65. Ne5 Kh4
66. Kh1 Kg3 0-1

[Event "173-rd open MGU"]
[Site "Sofia"]
[Date "2016.10.16"]
[Round "5.2"]
[White "Todev, Simeon"]
[Black "Ruschukov, Boyan"]
[Result "1-0"]
[WhiteElo "1468"]
[BlackElo "1911"]
[PlyCount "101"]
[EventDate "2016.10.15"]
[EventType "swiss"]
[EventRounds "6"]
[EventCountry "BUL"]

1. e4 c5 2. Nf3 d6 3. c3 Nf6 4. Bd3 Nc6 5. Bc2 e5 6. O-O ({RR} 6. d4 cxd4 7.
cxd4 Bg4 8. d5 Nd4 9. Bd3 Be7 10. h3 Bxf3 11. gxf3 O-O 12. f4 Nd7 13. Nc3 exf4
14. Bxf4 Ne5 15. Kf1 Bg5 16. Bxe5 dxe5 17. h4 Bh6 18. Ne2 Nf3 19. Ng3 Nxh4 20.
Qh5 Ng6 {
Vajda,L (2594)-Nevednichy,V (2546)/Sarata Monteoru 2012/CBM 147 Extra/0-1 (47)}
) 6... Qb6 $146 ({RR} 6... Be7 7. h3 O-O 8. d4 cxd4 9. cxd4 Nb4 10. Nc3 Nxc2
11. Qxc2 Qc7 12. Be3 Be6 13. Rac1 Rac8 14. Qa4 b6 15. Nd5 Qb7 16. Nxe7+ Qxe7
17. dxe5 dxe5 18. Nxe5 Bxa2 19. Nc6 Qb7 20. Qxa2 Rxc6 21. Rxc6 {
Ankit,R (2479)-Schnider,G (2377)/Graz 2015/CBM 164 Extra/1-0 (42)}) ({RR} 6...
Bg4 7. d3 ({RR} 7. h3 Bh5 8. d3 Qd7 9. Bg5 Be7 10. Na3 O-O 11. Bxf6 Bxf6 12.
Nxe5 Qxh3 13. gxh3 Bxd1 14. Nd7 Bxc2 15. Nxc2 Rfd8 16. Nxf6+ gxf6 17. Ne3 Ne7
18. c4 f5 19. f3 f6 20. Kh2 Kf7 21. Rg1 fxe4 {
Atoufi,P (2269)-Shen,A (2334)/Los Angeles 2013/CBM 156 Extra/1-0}) 7... Be7 8.
Nbd2 d5 9. Qe2 d4 10. Rd1 O-O 11. h3 Be6 12. Nf1 h6 13. Ng3 Bd6 14. Nh4 Ne7 15.
Nhf5 Nxf5 16. Nxf5 Bxf5 17. exf5 Bc7 18. Bb3 Qd6 19. Re1 Rfe8 20. f3 Rad8 21.
Bd2 {Feyer,L (1660)-Witte,R (2052)/Berlin 2014/CBM 161 Extra/1/2 (34)}) 7. d3
Be7 8. Nbd2 O-O 9. Nc4 Qc7 10. Ne3 Be6 11. Bb3 Rad8 12. Nd5 Bxd5 13. exd5 Na5
14. c4 a6 15. a4 b5 16. axb5 axb5 17. cxb5 Nxb3 18. Qxb3 Qb7 19. Qc4 Ra8 20.
Bg5 Nxd5 21. Bxe7 Nxe7 22. Ng5 h6 23. Qe4 Qxe4 24. Nxe4 Rab8 25. Nxd6 Rfd8 26.
Ra7 Rxd6 27. Rxe7 Rxb5 28. Rxe5 Rxd3 29. b4 Rxb4 30. Rxc5 Rdb3 31. Rcc1 g6 32.
g3 Kg7 33. Rfe1 Rb2 34. Kf1 h5 35. Re2 h4 36. Rxb2 Rxb2 37. Kg2 hxg3 38. hxg3
g5 39. g4 Rb3 40. Re1 Rb4 41. Kg3 Rb3+ 42. Re3 Rxe3+ 43. fxe3 Kf6 44. Kf2 Ke5
45. Kg3 $4 (45. Kf3 $11) 45... Ke4 46. Kf2 Kd3 47. Kf3 f6 48. Kf2 Kd2 49. Kf3
Ke1 50. e4 Kd2 $4 (50... Kf1 $19) 51. e5 1-0

[Event "173-rd open MGU"]
[Site "Sofia"]
[Date "2016.10.16"]
[Round "5.3"]
[White "Mladenov, Andrey"]
[Black "Mihalev, Daniil"]
[Result "1/2-1/2"]
[WhiteElo "1612"]
[BlackElo "1761"]
[PlyCount "164"]
[EventDate "2016.10.15"]
[EventType "swiss"]
[EventRounds "6"]
[EventCountry "BUL"]

1. e4 g6 2. d4 Bg7 3. Nf3 c5 4. Be3 cxd4 5. Bxd4 Nf6 6. Nc3 Nc6 7. Bc5 d6 8.
Ba3 O-O 9. Be2 a6 10. O-O b5 11. Nd4 Bb7 12. Nxc6 Bxc6 13. Bf3 Qb6 14. e5 Bxf3
15. Qxf3 Ne8 16. Nd5 Qa7 17. Nxe7+ Qxe7 18. Qxa8 Qxe5 19. Qxa6 h5 20. c3 h4 21.
Qc6 Qg5 22. h3 Be5 23. Qf3 Ng7 24. Rad1 Nf5 25. Rd5 Rb8 26. Re1 Re8 27. Red1
Rb8 28. Qg4 Qf6 29. f4 Bxc3 30. bxc3 Ne3 31. Qf3 Nxd1 32. Rxd1 Rc8 33. Bb4 Qe6
34. Rxd6 Qe1+ 35. Kh2 Re8 36. Bc5 Rc8 37. Bd4 b4 38. Qg4 Qg3+ 39. Qxg3 hxg3+
40. Kxg3 bxc3 41. Be3 c2 42. Bc1 Ra8 43. a3 Rc8 44. Rd2 Rc3+ 45. Kf2 Kg7 46.
Bb2 c1=Q 47. Bxc1 Rxc1 48. Ra2 Rc4 49. a4 Rxf4+ 50. Kg3 Rf6 51. a5 Ra6 52. Kf3
Kf6 53. Ke4 Ke6 54. Kd4 Kd6 55. Kc4 Kc6 56. Kb4 Kb7 57. Kb5 Rf6 58. Rc2 Rf5+
59. Rc5 Rf2 60. a6+ Kb8 61. Rg5 Ka7 62. Rg4 Rf5+ 63. Kc6 Rf6+ 64. Kd7 Kxa6 65.
Ke7 Rf2 66. g3 Kb6 67. Rf4 Rg2 68. g4 f5 69. gxf5 gxf5 70. Kf6 Rg8 71. Kxf5 Kc6
72. Re4 Kd6 73. Kf6 Kd5 74. Rg4 Rh8 75. h4 Kd6 76. Kg7 Rh5 77. Kg6 Rh8 78. h5
Rg8+ 79. Kf5 Rxg4 80. Kxg4 Ke7 81. Kg5 Kf7 82. Kh6 Kf6 1/2-1/2

[Event "173-rd open MGU"]
[Site "Sofia"]
[Date "2016.10.16"]
[Round "5.4"]
[White "Georgiev, Nikolay Zh"]
[Black "Kostov, Nikolay"]
[Result "0-1"]
[WhiteElo "1574"]
[BlackElo "1690"]
[PlyCount "50"]
[EventDate "2016.10.15"]
[EventType "swiss"]
[EventRounds "6"]
[EventCountry "BUL"]

1. e4 e5 2. Bc4 Nf6 3. Qf3 Nc6 4. Ne2 d6 5. c3 Bg4 6. Qe3 Qd7 7. d3 Na5 8. h3
Nxc4 9. dxc4 Bxe2 10. Qxe2 Qc6 11. Nd2 Be7 12. b3 O-O 13. f3 Nh5 14. Nf1 Bh4+
15. Kd1 f5 16. exf5 Rae8 17. g4 e4 18. f4 e3 19. gxh5 Qxh1 20. Kc2 Qe4+ 21. Kb2
Rxf5 22. Nxe3 Rxf4 23. Qd1 Rf2+ 24. Ka3 c6 25. b4 Rf3 0-1

[Event "173rd open MGU"]
[Site "Sofia"]
[Date "2016.10.16"]
[Round "6.1"]
[White "Andreev, Dobrotich"]
[Black "Mladenov, Andrey"]
[Result "1-0"]
[WhiteElo "1950"]
[BlackElo "1612"]
[PlyCount "101"]
[EventDate "2016.10.15"]
[EventType "swiss"]
[EventRounds "6"]
[EventCountry "BUL"]

1. e4 c5 2. Nf3 Nc6 3. Bb5 e6 4. O-O Nge7 5. Bxc6 Nxc6 6. d4 cxd4 7. Nxd4 Be7
8. Be3 O-O 9. Nc3 d6 10. Qd2 a6 11. Rad1 Qc7 12. Nxc6 bxc6 13. Bf4 e5 14. Be3
Be6 15. b3 Rfd8 16. Bg5 f6 17. Bh4 d5 18. Qe2 d4 19. Na4 Ba3 20. c4 c5 21. Rd3
Rab8 22. Bg3 Rdc8 23. f4 Bd7 24. fxe5 fxe5 25. Qh5 Bxa4 26. Bxe5 Be8 27. Qg5
Qd7 28. Rdf3 Bg6 29. Rf7 Qxf7 30. Rxf7 Kxf7 31. Bxb8 Re8 32. Qd5+ Re6 33. e5 d3
34. Bc7 Bb2 35. Bd8 Bd4+ 36. Kf1 Bf5 37. Bg5 h6 38. Qf3 Kg6 39. Bf4 Kh7 40. g4
Bg6 41. h4 h5 42. gxh5 Bf5 43. Qg3 g6 44. h6 d2 45. Ke2 Re8 46. Kxd2 Rd8 47.
Ke2 Re8 48. h5 Rg8 49. Qg5 Be4 50. Qe7+ Kh8 51. Bg5 1-0

[Event "173rd open MGU"]
[Site "Sofia"]
[Date "2016.10.16"]
[Round "6.2"]
[White "Gelemerov, Yane"]
[Black "Todev, Simeon"]
[Result "1-0"]
[WhiteElo "2026"]
[BlackElo "1468"]
[PlyCount "55"]
[EventDate "2016.10.15"]
[EventType "swiss"]
[EventRounds "6"]
[EventCountry "BUL"]

1. e4 c5 2. Nc3 Nc6 3. f4 d6 4. Nf3 g6 5. Bb5 Bg7 6. Bxc6+ bxc6 7. d3 Nf6 8.
O-O d5 9. Qe1 d4 10. Na4 Nd7 11. b3 e6 12. Ba3 Qe7 13. Rd1 Rb8 14. e5 O-O 15.
Nxd4 Bb7 16. Nf3 Rfd8 17. d4 Ba6 18. c4 Qe8 19. Nxc5 Nxc5 20. Bxc5 Rb7 21. Ng5
h6 22. Ne4 Qd7 23. Bd6 Rb6 24. Rf3 Bb7 25. Rh3 Rc8 26. Rxh6 Qd8 27. Rh3 Ba8 28.
Ng5 1-0

[Event "173rd open MGU"]
[Site "Sofia"]
[Date "2016.10.16"]
[Round "6.3"]
[White "Mihalev, Daniil"]
[Black "Dereshki, Dario"]
[Result "0-1"]
[WhiteElo "1761"]
[BlackElo "2126"]
[PlyCount "76"]
[EventDate "2016.10.15"]
[EventType "swiss"]
[EventRounds "6"]
[EventCountry "BUL"]

1. c4 e5 2. g3 f5 3. Bg2 Nf6 4. Nc3 Bc5 5. e3 Nc6 6. a3 a5 7. Nge2 e4 8. d4
exd3 9. Qxd3 d6 10. O-O Ne5 11. Qc2 O-O 12. b3 Qe8 13. Bb2 Qh5 14. Nd4 f4 15.
exf4 Bxd4 16. fxe5 Ng4 17. h3 Nxf2 18. h4 Bf5 19. Qe2 Nd3+ 20. Kh2 Qxe2 21.
Nxe2 Bxb2 22. Ra2 Bxe5 23. Bxb7 Rab8 24. Bd5+ Kh8 25. b4 axb4 26. axb4 Nxb4 27.
Rd2 Nxd5 28. cxd5 Bg4 29. Nf4 Bxf4 30. gxf4 Rb3 31. Rc2 Ra8 32. Re1 h6 33. Re7
Raa3 34. f5 Bxf5 35. Rf2 Rh3+ 36. Kg2 Rag3+ 37. Kf1 Bd3+ 38. Ke1 Re3+ 0-1

[Event "173rd open MGU"]
[Site "Sofia"]
[Date "2016.10.16"]
[Round "6.5"]
[White "Kostov, Nikolay"]
[Black "Arshinkova, Boryana"]
[Result "1-0"]
[WhiteElo "1690"]
[BlackElo "1279"]
[PlyCount "81"]
[EventDate "2016.10.15"]
[EventType "swiss"]
[EventRounds "6"]
[EventCountry "BUL"]

1. d4 d5 2. e3 Nf6 3. Bd3 Nc6 4. f4 Bg4 5. Nf3 e6 6. c3 Ne4 7. O-O Be7 8. Qe1
Nf6 9. Ne5 Bh5 10. Bb5 Qd6 11. b3 a6 12. Bxc6+ bxc6 13. Ba3 Qd8 14. Nxc6 Qd7
15. Nxe7 Ne4 16. Qc1 Nd6 17. Nd2 Qxe7 18. e4 O-O 19. e5 Qh4 20. exd6 cxd6 21.
Nf3 Qf6 22. Bxd6 Rfd8 23. Bc5 Bg6 24. Qd2 Rab8 25. Ne5 Be4 26. Nc6 Rbc8 27. Be7
Qf5 28. Nxd8 f6 29. Nb7 Rc7 30. Nd6 Qg6 31. Nxe4 Rxe7 32. Ng3 Rc7 33. Qe3 Qe8
34. Rae1 Rc6 35. Nf5 Qc8 36. Ne7+ Kf8 37. Nxc8 Rxc8 38. Qxe6 Rd8 39. Qe7+ Kg8
40. Qxd8+ Kf7 41. Qe8# 1-0